000 00776nam a2200253 i 4500
001 bg
100 1 _aŁAWNICZAK, Andrzej
245 1 0 _aCiecze elektro- i magnetoreologiczne oraz ich zastosowania w technice /
_cAndrzej Ławniczak, Andrzej Milecki.
260 _aPoznań :
_bWydaw. Politechniki Poznańskiej,
_c1999.
300 _a88 s. :
_bil. ;
_c24 cm.
504 _aBibliogr.
650 9 _aCiecze plastyczne
_xstosowanie
_xtechnika
650 9 _aMagnetyzm
_xzagadnienia
650 9 _aReologia
_xzagadnienia
655 _aPodręczniki akademickie
700 1 _aMILECKI, Andrzej
020 _a8371434162
040 _cBPK
041 0 _apl
080 _a532:621.318](075.8)
920 _a83-7143-416-2
942 _cKS
008 s pl f |000 0 pol
999 _c37971
_d37971
856 _uhttp://koha.tu.koszalin.pl/cgi-bin/koha/opac-detail.pl?biblionumber=37971
_yKatalog online BPK